Efectividad de la vigilancia de la carrera administrativa, en el marco del proceso sancionatorio y disciplinario atribuibles a la CNSC y al Ministerio Público (Registro nro. 163574)

Detalles MARC
000 -CABECERA
campo de control de longitud fija 00848nam a2200205Ia 4500
001 - NÚMERO DE CONTROL
campo de control 163574
003 - IDENTIFICADOR DEL NÚMERO DE CONTROL
campo de control 258897
005 - FECHA Y HORA DE LA ÚLTIMA TRANSACCIÓN
campo de control 20250220142406.0
008 - DATOS DE LONGITUD FIJA--INFORMACIÓN GENERAL
campo de control de longitud fija 191107e ck ||||||m| 000 0 spa d
041 ## - CÓDIGO DE LENGUA
Código de lengua del texto/banda sonora o título independiente spa
100 ## - ENTRADA PRINCIPAL--NOMBRE DE PERSONA
Nombre de persona Moreno Mancipe, Carmen Rocío
9 (RLIN) 206047
245 #0 - MENCIÓN DE TÍTULO
Título Efectividad de la vigilancia de la carrera administrativa, en el marco del proceso sancionatorio y disciplinario atribuibles a la CNSC y al Ministerio Público
504 ## - NOTA DE BIBLIOGRAFÍA, ETC.
Nota de bibliografía, etc. Bibliografía: páginas 125-135
562 ## - NOTA DE IDENTIFICACIÓN DE LA COPIA Y VERSIÓN
Número de copias 1
650 #0 - PUNTO DE ACCESO ADICIONAL DE MATERIA--TÉRMINO DE MATERIA
Término de materia o nombre geográfico como elemento de entrada Carrera administrativa
9 (RLIN) 4786
650 #0 - PUNTO DE ACCESO ADICIONAL DE MATERIA--TÉRMINO DE MATERIA
Término de materia o nombre geográfico como elemento de entrada Comisión Nacional del Servicio Civil - CNSC
9 (RLIN) 33133
650 ## - PUNTO DE ACCESO ADICIONAL DE MATERIA--TÉRMINO DE MATERIA
Término de materia o nombre geográfico como elemento de entrada ESCUELA SUPERIOR DE ADMINISTRACIÓN PÚBLICA (BOYACÁ)--TESIS Y DISERTACIONES ACADÉMICAS
9 (RLIN) 130960
650 ## - PUNTO DE ACCESO ADICIONAL DE MATERIA--TÉRMINO DE MATERIA
Término de materia o nombre geográfico como elemento de entrada MAGISTER EN ADMINISTRACIÓN PÚBLICA (BOYACÁ)--TESIS Y DISERTACIONES ACADÉMICAS
9 (RLIN) 206048
942 ## - ELEMENTOS DE PUNTO DE ACCESO ADICIONAL (KOHA)
Tipo de ítem Koha Tesis
Existencias
Estado de retiro Estado de pérdida Estado dañado No para préstamo Código de colección Localización permanente Ubicación/localización actual Coste, precio normal de compra Total de préstamos Signatura topográfica completa Código de barras Número de copia Tipo de ítem Koha
        Trabajos de Grado Tunja - Sede Boyacá-Casanare Tunja - Sede Boyacá-Casanare 0.00   BOY001 2017 BOY6810 1 Tesis